| 000 | 00857nam a2200277 a 4500 | ||
|---|---|---|---|
| 001 | 50728 | ||
| 003 | BD-RJUL | ||
| 005 | 20211209075544.0 | ||
| 008 | 160828s1975 ii 000 0 eng | ||
| 035 | _a(BD-RJUL)50848 | ||
| 040 |
_aIRU _cIRU _dEQO _beng |
||
| 041 | _aeng | ||
| 082 |
_223 _a398.20954163 _bBOF 1975 |
||
| 090 |
_aGR305.5.A7 _bB6 |
||
| 100 | 1 | 0 |
_aBorgohain, B. K. _9151861 |
| 245 | 1 | 0 |
_aFolk tales of Arunachal Pradesh and Meghalaya / _cby B. K. Borgohain |
| 250 | _a1st ed | ||
| 260 |
_aNew Delhi : _bSterling Publishers, _c1975 |
||
| 300 |
_a112 p. : _bill. ; _c23 cm |
||
| 490 | _aFolk tales of India series, 19. | ||
| 650 | 0 |
_aTales, Arunachali _9151884 |
|
| 650 | 0 |
_aTales, Meghalayan _9151885 |
|
| 740 | 0 | _aFolk tales of Meghalaya and Arunachal Pradesh | |
| 830 | 0 |
_aFolk tales of India series ; _vv.19 _9151912 |
|
| 942 |
_2ddc _cBK |
||
| 999 |
_c50728 _d50728 |
||